Etimologías / (Record no. 86256)

MARC details
000 -LEADER
campo de control de longitud fija 01071nam a2200289 i 4500
001 - NÚMERO DE CONTROL
campo de control 86256
003 - IDENTIFICADOR DE NÚMERO DE CONTROL
campo de control ES-MaACL
005 - FECHA Y HORA DE LA ÚLTIMA TRANSACCIÓN
campo de control 20251112164244.0
007 - CAMPO FIJO DE DESCRIPCIÓN FÍSICA--INFORMACIÓN GENERAL
campo de control de longitud fija t|
008 - DATOS DE LONGITUD FIJA--INFORMACIÓN GENERAL
campo de control de longitud fija 041220s2004 sp ||||1| spa d
020 ## - NÚMERO INTERNACIONAL ESTÁNDAR DEL LIBRO
Número Internacional Estándar del Libro 84-7914-726-1
080 ## - NÚMERO DE LA CLASIFICACIÓN DECIMAL UNIVERSAL
Número de la Clasificación Decimal Universal (031)"06"
100 0# - ENTRADA PRINCIPAL--NOMBRE DE PERSONA
Nombre de persona Isidoro de Sevilla,
Títulos y otros términos asociados al nombre Santo.
9 (RLIN) 176281
245 10 - MENCIÓN DEL TÍTULO
Título Etimologías /
Mención de responsabilidad, etc. San Isidoro de Sevilla ; texto latino, versión española y notas por José Oroz Reta y Manuel-A. Marcos Casquero ; introducción general por Manuel C. Díaz y Díaz.
250 ## - MENCION DE EDICION
Mención de edición Edición bilingüe.
260 ## - PUBLICACIÓN, DISTRIBUCIÓN, ETC.
Lugar de publicación, distribución, etc. Madrid :
Nombre del editor, distribuidor, etc. B.A.C.,
Fecha de publicación, distribución, etc. [2004]
300 ## - DESCRIPCIÓN FÍSICA
Extensión VIII, 1465 p. ;
Dimensiones 19 cm.
490 1# - MENCIÓN DE SERIE
Mención de serie Biblioteca de autores cristianos ;
Designación de volumen o secuencia 647
500 ## - NOTA GENERAL
Nota general Texto latino y traducción en español.
650 #4 - PUNTO DE ACCESO ADICIONAL DE MATERIA--TÉRMINO DE MATERIA
Término de materia o nombre geográfico como elemento de entrada Enciclopedias-
Subdivisión cronológica S.VII.
9 (RLIN) 12237
700 1# - ENTRADA AGREGADA--NOMBRE PERSONAL
Nombre de persona Oroz Reta, José.
9 (RLIN) 87324
700 1# - ENTRADA AGREGADA--NOMBRE PERSONAL
Nombre de persona Marcos Casquero, Manuel Antonio.
9 (RLIN) 76523
700 1# - ENTRADA AGREGADA--NOMBRE PERSONAL
Nombre de persona Díaz y Díaz, Manuel C.,
Fechas asociadas al nombre 1924-2008
9 (RLIN) 44462
830 00 - PUNTO DE ACCESO ADICIONAL DE SERIE-TÍTULO UNIFORME
Título uniforme Biblioteca de autores cristianos
Designación de volumen o secuencia 647
9 (RLIN) 178679
852 ## - LOCALIZACIÓN
Ubicación ES-MaACL
Número de control de estantería J-634
Sublocalización o colección R.134850
Holdings
Estatus retirado Estado de pérdida Estado de daño No para préstamo Colección Biblioteca de origen Biblioteca actual Ubicación en estantería Fecha de adquisición Fuente de adquisición Total de préstamos Signatura topográfica completa Código de barras Visto por última vez Precio de reemplazo Tipo de ítem Koha
        Colección de referencia Biblioteca del Ateneo de Madrid Biblioteca del Ateneo de Madrid Depósito 2 17/01/2008     J-634 1090125 23/02/2023 23/02/2023 Libro impreso